Responses for show #6844 - Thursday, May 22, 2014

Julia Collins game 14.

Contestants

Ryan Real, a sports information director from Clinton, South Carolina

Alex Tran, an auto repair shop service manager from St. Louis, Missouri

Julia Collins, a supply chain professional from Kenilworth, Illinois (whose 13-day cash winnings total $261,410)

Jeopardy! Round responses

TOURING ALABAMA
BRANDS
THE PART OF SPEECH IN THE BOOK TITLE
SIMON SAYS
POP MUSIC OF TODAY
2 SYLLABLES, 1 SYLLABLE
(Alex: There are two words in each correct response. The first one has 2 syllables, the second word has 1.)
    $200 23
a snowstorm

Alex
    $200 12
Cheerios

Ryan
    $200 2
(Alex Trebek: For [*] the Bell Tolls. You are correct.)

Whom

Ryan
    $200 7
Simon Cowell

Alex
    $200 1
Lorde

Alex
    $200 17
cookie jar

Alex
    $400 27
Montgomery

Triple Stumper
    $400 13
Bud

Alex
    $400 22
(Alex Trebek: [*], from The [*] Gatsby.)

Great

Ryan
    $400 8
Simple Simon

Julia
    $400 3
Bastille

Julia
    $400 18
honor roll

Ryan
    $600 28
boll weevil

Alex
    $600 14
(Alex Tran: What is Colgate?)

Crest

AlexRyan
    $600 24
(Alex Trebek: [*], in [*] Hobbit.)

The

Julia
    $600 9
Carly Simon

Julia
    $600 4
One Direction

Julia
    $600 19
a Dixie cup

Ryan
    $800 29
Mobile Bay

Triple Stumper
    $800 15
Lay's

Julia
    $1,500 25
(Alex Trebek: [*] Mice and Men. You got it.)

Of

Julia
    $800 10
Neil Simon

Ryan
    $800 5
Imagine Dragons

Ryan
    $800 20
the evil eye

Julia
    $1000 30
(Julia: Who is Duke Ellington?)
(Ryan: Who is Robert Johnson?)
...
(Alex: And I said "St. Louis Blues". I should probably have said "St. Lou-ee Blues".)

W.C. Handy

JuliaRyan
Triple Stumper
    $1000 16
Hidden Valley

Alex
    $1000 26
(Alex Trebek: What [*] Sammy [**]? So it was either [*] or [**].)

Makes (or Run)

Triple Stumper
    $1000 11
Simon Wiesenthal

Julia
    $1000 6
Kanye West

Julia
    $1000 21
the casting couch

Alex

Scores at the first commercial break (after clue 15):

Julia Alex Ryan
$4,800 $200 $2,600

Scores at the end of the Jeopardy! Round:

Julia Alex Ryan
$6,700 $3,200 $3,000

Double Jeopardy! Round responses

BRITISH ART & ARTISTS
FAMOUS GEMSTONES
TV THEN & NOW
AMERICAN HISTORY
"I-O"
(Alex: Those two letters coming up in that order.)
YOU
    $400 7
horse

Julia
    $400 2
pearls

Julia
    $400 1
Mayberry

Julia
    $400 12
Jamestown

Ryan
    $400 21
scenario

Julia
    $400 26
teeth

Alex
    $800 8
(Ryan: Who is Sotheby?)

(James) Christie

JuliaRyan
    $800 3
sapphires

Julia
    $800 14
Jane Lynch

Ryan
    $1,000 13
the Whigs

Ryan
    $800 22
[Alex Trebek did not give the expected correct response.]

portfolio (folio accepted)

Ryan
    $800 27
eggs

Julia
    $1200 9
Lucian Freud

Julia
    $1200 4
(Alex Tran: Who is George II?)

Edward VII

Alex
Triple Stumper
    $1200 15
True Detective

Alex
    $1200 18
Somalia

Alex
    $1200 23
ratio

Alex
    $1200 28
the skull

Julia
    $1600 10
Raphaelite

Julia
    $1600 5
topaz

Julia
    $1600 16
Wisteria

Ryan
    $1600 19
Thomas Eagleton

Triple Stumper
    $1600 24
impresario

Triple Stumper
    $1600 29
(Ryan: What is the kidney?)
(Alex Tran: What is the thyroid?)

spleen

AlexRyan
Triple Stumper
    $2000 11
Peter Pan

Julia
    $2000 6
Colombia

Triple Stumper
    $2000 17
The Facts of Life

Ryan
    $2000 20
Telstar

Triple Stumper
    $2000 25
(Alex Trebek: Usually you hear it as papal [*].)

nuncio

Triple Stumper
    $2,000 30
femoral

Julia

Scores at the end of the Double Jeopardy! Round:

Julia Alex Ryan
$20,300 $4,400 $7,200
(lock game)

[wagering suggestions for these scores]

Final Jeopardy! Round responses

TECHNOLOGY
AlexWhat is A 2001?
$1,200
RyanWhat is 2001: A Space Odyssey?
$2,500
JuliaWhat is 2001: A Space Odyssey?
$2,390
2001: A Space Odyssey

Final scores:

Julia Alex Ryan
$22,690 $5,600 $9,700
14-day champion: $284,100 3rd place: $1,000 2nd place: $2,000

Game dynamics:

Coryat scores:

Julia Alex Ryan
$19,600 $4,400 $7,000
23 R
(including 2 DDs),
1 W
12 R,
3 W
14 R
(including 1 DD),
3 W

Combined Coryat: $31,000

The J! Archive is created by fans, for fans. The Jeopardy! game show and all elements thereof, including but not limited to copyright and trademark thereto, are the property of Jeopardy Productions, Inc. and are protected under law. This website is not affiliated with, sponsored by, or operated by Jeopardy Productions, Inc. Join the discussion at JBoard.tv.